01305cam a2200289 450000100060000000300080000600500170001400800410003102000150007203500190008704000270010604100080013308200240014110000360016524501230020126001070032430000260043135000110045750002000046850400300066865000570069865000400075570000680079570000510086371000690091471000320098315434BD-RjUL20211208235821.0140210s1973 mau bs 001 0 eng  a0875841058 a(BD-RjUL)15488 aDLCcDLCdBD-RjULbeng aeng00a658.00711bHII 19731 aHill, Thomas M.q(Thomas Mason)10aInstitution building in India ;ba study of international collaboration in management education /cby Thomas M. Hill . aBoston :bHarvard University, Graduate School of Business Administration, Division of Research,c1973. axvi, 381 p. :c27 cm. a$10.00 a"Conducted under joint sponsorship of the Harvard University Graduate School of Business Administration and the Alfred P. Sloan School of Management of the Massachusetts Institute of Technology." aBibliography: p. 373-376. 0aManagementxStudy and teachingzIndiaxCase studies. 0aInstitution buildingxCase studies.1 aHaynes, W. Warrenq(William Warren),d1921-1972,ejoint author.1 aBaumgartel, Howard John,d1920-ejoint author.2 aHarvard University.bGraduate School of Business Administration.2 aSloan School of Management.